A textbook of English phonotics for Indian stidents / (Record no. 74649)

MARC details
000 -LEADER
fixed length control field 00747nam a22002417a 4500
005 - DATE AND TIME OF LATEST TRANSACTION
control field 20130417120132.0
008 - FIXED-LENGTH DATA ELEMENTS--GENERAL INFORMATION
fixed length control field 130417b xxu||||| |||| 00| 0 eng d
010 ## - LCCN (DPL NO)
LC control number ENG-106883
020 ## - INTERNATIONAL STANDARD BOOK NUMBER
International Standard Book Number 978935059158
Terms of availability 199.00
020 ## - INTERNATIONAL STANDARD BOOK NUMBER
International Standard Book Number 9350593157
Terms of availability 199.00
035 ## - SYSTEM CONTROL NUMBER
System control number EN-90416
037 ## - SOURCE OF ACQUISITION
Source of stock number/acquisition DBAD/PUB
040 ## - CATALOGING SOURCE
Original cataloging agency DPL
Language of cataloging Eng
082 ## - DEWEY DECIMAL CLASSIFICATION NUMBER
Classification number 481
100 ## - MAIN ENTRY--PERSONAL NAME
Personal name Balasubramaniam,T
245 ## - TITLE STATEMENT
Title A textbook of English phonotics for Indian stidents /
Statement of responsibility, etc by T. Balasubramaniam
250 ## - EDITION STATEMENT
Edition statement 2nd ed.
260 ## - PUBLICATION, DISTRIBUTION, ETC. (IMPRINT)
Place of publication, distribution, etc Gurgaon
Name of publisher, distributor, etc Macmillan Publishers
Date of publication, distribution, etc 2013
270 ## - ADDRESS
Address 3A, 5th Floor, DLF Corporate Park
City Gurgaon
Postal code 122002
300 ## - PHYSICAL DESCRIPTION
Extent viii,233p.
Dimensions 22cm(pbk)
500 ## - GENERAL NOTE
General note Includes bibliographical references
942 ## - ADDED ENTRY ELEMENTS (KOHA)
Source of classification or shelving scheme Dewey Decimal Classification
Item type English Books
Classification part 481
Call number suffix BAL
Holdings
Withdrawn status Lost status Source of classification or shelving scheme Damaged status Not for loan Collection code Home library Current library Date acquired Source of acquisition Cost, normal purchase price Total Checkouts Full call number Barcode Date last seen Copy number Cost, replacement price Koha item type
    Dewey Decimal Classification   Not For Loan Non-fiction D.B.Act.Division D.B.Act.Division 17/04/2013 DBAD/PUB 199.00   481 BAL EN-90416 17/04/2013 1 199.00 English Books

© Delhi Public Library
Hit Counter
free hit counter